Fußball: Vereine der 3. Liga 2021/22 - Statistiken

Allgemein
  • Dieses Quiz wurde 588 mal gespielt
  • Das Durchschnittsergebnis liegt bei 12 aus 20
Antwortstatistiken
Vereine % Korrekt
1860 München
81%
Borussia Dortmund II
76%
1. FC Kaiserslautern
74%
Waldhof Mannheim
72%
SC Freiburg II
70%
MSV Duisburg
69%
1. FC Magdeburg
68%
1. FC Saarbrücken
67%
Eintracht Braunschweig
64%
Viktoria Köln
64%
Hallescher FC
63%
VfL Osnabrück
63%
SV Wehen Wiesbaden
61%
FSV Zwickau
55%
SC Verl
53%
SV Meppen
52%
Würzburger Kickers
48%
Viktoria 1889 Berlin
45%
TSV Havelse
38%
Türkgücü München
38%
Keine übereinstimmenden Quizze gefunden
Verteilung der Resultate
Anzahl Personen mit jedem Resultat
Perzentil nach korrekt beantworteten Fragen
Ihre Resultats-Entwicklung
Sie haben dieses Quiz noch nicht gespielt